000 00458cam a2200181ua 4500
020 _a81 239 0130 5
_c55.00
041 _aeng
_h
082 _a515.35
_bPAR/DI
100 _aParashar, B P .
245 _aDifferential and integral equations /
_cB P Parashar.
_hTextual Documents
250 _a2 /
_b.
260 _aDelhi :
_bC B S Publishers ,
_c1989.
300 _a526 ; .
365 _a55.00
504 _a
942 _cBK
999 _c2958
_d2958